000
00313nam a2200133 a 4500
001
4413
003
CDMR
005
20130116135255.0
008
130130s2003||||||||||||||||||||||||||||d
040
_a
CDMR
_b
cat
_c
CDMR
245
0
_a
En Patufet (1904-1938)
260
_a
Barcelona
_c
2003
_b
Llibres de l'Índex
942
_c
MON
999
_c
4413
_d
4413